=LDR 00000nam 2200000 4500 =001 INLIS000000000021104 =005 20130612120008 =008 ***********************************Ind** =035 ##$$0010-061300000021104 =041 ##$$a Ind =082 ##$$a F Rom K =090 ##$$a F Rom K, Faj t =100 ##$$a Fajri, Dian Yasmina =245 ##$$a 3000 tanda tangan si kembar, Dian Yasmina Fajri =260 ##$$a 2005 $b Bandung =300 ##$$a vi, 133 hlm, 15 cm =650 ##$$a Fiksi Kanak-kanak =850 ##$$a NBPNMAT